Spanish: Prepositions - Statistics

General Stats
  • This quiz has been taken 408 times
    9 since last reset
  • The average score is 16 of 100
Answer Stats
Español English % Correct
En (also on, at) In
100%
Acerca About
75%
A lo largo de (also throughout) Along
75%
Ante Before
75%
A (also at)/De/Por/Para To
75%
Bajo Under
75%
Hasta (also up to, till, as far as, to, up until) Until
75%
Con With
75%
Por encima de/Encima de (also over, at the top of) Above
50%
Según/Conforme a/De conformidad con/A decir de/En palabras de/Sobre la base de (also on the basis of)/En función de/De acuerdo con (also in accordance with)/Con arreglo a (also in accordance with) According
50%
Contra/En contra de Against
50%
Debajo de/Por debajo de Below
50%
Durante During
50%
Para (also to, by)/Por (also to, by, per, due to, through)/Pa' For
50%
Desde (also since) From
50%
Fuera de (also out of, off) Outside
50%
Sobre (also above, about, on, upon, regarding) Over
50%
Hay (also there are, is there, are there) There is
50%
Mediante Through
50%
Sin Without
50%
Tras After
25%
Entre (also between, amongst, amid) Among
25%
En cuanto a (also regarding, as far as) As for
25%
Tras/Por detrás de/Detrás de Behind
25%
Por (also to, for, per, through, due to, around, via, along, after, of, from) By
25%
Cerca de (also near) Close to
25%
Pese/A pesar de Despite
25%
En términos de In terms of
25%
Parecido a/Como Like
25%
Al lado de (also alongside)/Cabe Next to
25%
De (also at, as, out, from, about, by, to, out of) Of
25%
Además de (also in addition to, apart from) On top of
25%
Cuanto menos/Mientras menos The less
25%
Habrá There will be
25%
Durante todo/A lo largo de (also along) Throughout
25%
Hacia Towards
25%
A punto de About to
0%
A través de (also through) Across
0%
Ya casi está/Ya casi Almost there
0%
Aparte de (also other than, besides, aside from)/Aparte del/Al margen de (also outside of) Apart from
0%
Son/Eres (also you are) Are
0%
Alrededor Around
0%
Ya desde (also as of, since, already from, right from) As early as
0%
Tan tarde como/En fecha tan tardía como As late as
0%
Amén de As well as
0%
A la (los) edad de (also by the age of) At the age of
0%
En la parte posterior de/En la parte de atrás de At the back of
0%
En la parte inferior de/En el fondo de At the bottom of
0%
Al pie de (also at the bottom) At the foot of
0%
En la parte delantera de At the front of
0%
Al comienzo de At the start of
0%
En la parte superior de At the top of
0%
Por culpa de/A causa de/Debido a (also due to) Because of
0%
Junto a/Comparado con Beside
0%
Más allá de Beyond
0%
Menos (also less) But
0%
Por medio de/A través de (also across, through, via) By means of
0%
En virtud de By virtue of
0%
Teniendo en cuenta (also in consideration of) Considering
0%
Contrario a/Al contrario de Contrary to
0%
Excepto para/A excepción de/Con excepción de (also with the exception of) Except for
0%
Con el propósito de For the purpose of
0%
Que (also let, may)/Qué (also that, what)/Qué tan How
0%
Si es por eso/Si por eso/Si es por eso que If that's why
0%
Además de (also apart from)/Además del In addition to
0%
En consideración de/Teniendo en cuenta (also taking into account) In consideration of
0%
En contraposición a In contrast to
0%
A favor de/En favor de (also for, in support of, pro) In favour of
0%
Con el de no In order not to
0%
Con el de/Para no/A fin de/Con el fin de/Con el objetivo de/Con objeto de/Con la finalidad de/En orden a/Que para (before a verb) In order to
0%
Por lo que respecta a In regard to
0%
En lugar de/En vez de (also in place of, rather than) Instead of
0%
De cara a In the face of
0%
A la luz de In the light of
0%
En medio de/En el centro de/En el seno de In the middle of
0%
En vista de In view of
0%
Es (also it is)/Se (also it) Is
0%
Ha sido/Se ha/Ha estado It has been
0%
Se trata de (also these are, this is, it is, it is a question of, it consists of, the idea is to) It is about
0%
Cabe mencionar/Cabe destacar/Merece la pena mencionar/Cabe señalar It is worth mentioning
0%
Justo antes de Just before
0%
Menos de/Menos que/Inferior a Less than
0%
En nombre de/Por cuenta de/En representación de On behalf of
0%
A la par de/A la par con/Al mismo nivel que On par with
0%
Por parte de/De parte de On the part of
0%
Frente a/Enfrente de (also in front of) Opposite
0%
Con relación a (in relation to) Relative to
0%
Tan lo de So much for
0%
A partir de (also as of, as early as, starting) Starting from
0%
Que el que (also that(n) whoever. that(n) he who, that(n) the one) Than the one
0%
Que el/Que la (also that the) That the one
0%
Cuanto más/Mientras más The more
0%
El que/La que (also the one (who) The one that
0%
Lo único/La(o) única(o) cosa The only thing
0%
Todavía hay/Todavía queda/Aún queda/Todavía quedan/Todavía existen/Sigue habiendo (also there are still) There is still
0%
Había/Hubo There was
0%
A diferencia de/En contraposición con/En contraste con/Al contrario que Unlike
0%
Al (also at, by, when) Upon
0%
Y si (also and if)/Qué pasa si/Qué pasaría si (also what happens if) What if
0%
Con la intención de (also in order to) With the intention of
0%
No matching quizzes found
Score Distribution
Percent of People with Each Score
Percentile by Number Answered
Your Score History
You have not taken this quiz since the last reset